000 00524nam a2200193 a 4500
001 1770284920327
003 YourLibrary
005 20260205152337.0
008 260205s2002##################000#0#eng##
020 _a9780198296942
082 0 4 _a332.6
_bCAM
100 1 _aCampbell, John Y.,
_eauthor.
245 1 0 _aStrategic Asset Allocation :
260 _bClarendon Lectures in Economic,
_c2002.
300 _a280 pages
650 0 _aBusiness & Economics.
942 _cENGLISH
040 _aYourLibrary
_beng
_cYourLibrary
999 _c610363
_d610363